| 000 | 00689nam a2200217 i 4500 | ||
|---|---|---|---|
| 001 | bg | ||
| 100 | 1 | _aRYCHTERA, Miroslav | |
| 245 | 1 | 0 |
_aTropikalizacja urządzeń elektrycznych / _cMiroslav Rychtera, Bernarda Bartakova ; z jęz. czes. tłum. Jerzy Swoboda. |
| 260 |
_aWarszawa : _bWydawnictwa Komunikacji i Łączności, _c1966. |
||
| 650 | 9 |
_aElektrotechnika _xmateriały |
|
| 650 | 9 | _aMateriałoznawstwo | |
| 650 | 9 |
_aKlimatologia _xzagadnienia |
|
| 655 | _aPodręczniki | ||
| 700 | 1 | _aBARTAKOVA, Bernarda | |
| 700 | 1 |
_aSWOBODA, Jerzy. _eTł. |
|
| 040 | _cBPK | ||
| 041 | 0 | _apol | |
| 080 | _a621.3:620.1](07):551.58 | ||
| 942 | _cKS | ||
| 008 | s pl f |000 0 pol | ||
| 999 |
_c7755 _d7755 |
||
| 856 |
_uhttp://koha.tu.koszalin.pl/cgi-bin/koha/opac-detail.pl?biblionumber=7755 _yKatalog online BPK |
||